The Ghana stock market review and outlook 1996.
| Format: | Book |
|---|---|
| Published: |
Accra:
Strategic African Securities,
1996.
|
| Subjects: |
| LEADER | 00455cam a2200157 7i4500 | ||
|---|---|---|---|
| 001 | 0000005353 | ||
| 005 | 19991025090000.0 | ||
| 002 | ##000006982 | ||
| 020 | 0 | 0 | |a T000005488 |
| 090 | 0 | 0 | |a GHAN 332.642 |b GHA |
| 245 | 0 | 4 | |a The Ghana stock market review and outlook 1996. |
| 260 | 0 | 0 | |a Accra: |b Strategic African Securities, |c 1996. |
| 300 | 0 | 0 | |a 90 p.. |
| 650 | 0 | 0 | |a Stock-exchange -- |z Ghana |
| 651 | 0 | 0 | |a Ghana |
| 999 | |a 0000008208 |b Book |c Open shelf |e Business Information Centre | ||